000 00997cam a2200277 i 4500
001 15600
003 BD-RjUL
005 20211208235843.0
008 140210s1975 ilua b 000 0 eng
035 _a(BD-RjUL)15655
040 _aDLC
_cDLC
_dBD-RjUL
_beng
041 _aeng
082 0 0 _a350.1
_bNEW 1975
245 0 2 _aA New World :
_breadings on modern public personnel management /
_cJay M. Shafritz.
260 _aChicago :
_bInternational Personnel Management Association,
_cc1975.
300 _ax, 293 p. :
_bill. ;
_c26 cm.
500 _a"Originally appeared in Public personnel management or its three predecessor journals: Public personnel review, Personnel administration, and PPR/PA."
504 _aIncludes bibliographical references.
650 0 _aPersonnel management.
_948425
650 0 _aCivil service.
_948426
700 1 _aShafritz, Jay M.
_918684
730 0 _aPublic personnel management.
_948435
942 _2ddc
_cBK
999 _c15600
_d15600